00344 2200145 4500001002100000005001500021035002000036245005100056100001500107300001200122260003000134082000800164084001400172990001200186INLIS00000000000170420250430100753 a0010-04250001201 aKumpulan Cerita Rakyat Nusantara /cKi Panutur0 aKi Panutur a128 hlm aSurabaya :bCahaya Agency a813 a813 KI k a0754636